[Event "ROM-ch"]
[Site "Eforie Nord"]
[Date "2024.02.28"]
[Round "6"]
[White "Dodoi, Matei Teodor"]
[Black "Botea, David Alexandru"]
[Result "1/2-1/2"]
[WhiteElo "1947"]
[BlackElo "2081"]
[PlyCount "82"]
[EventDate "2024.02.24"]
[EventType "swiss"]
[EventRounds "9"]
[EventCountry "ROU"]
[SourceTitle "CB10_2024"]
[SourceDate "2024.03.06"]
[SourceVersion "1"]
[SourceVersionDate "2024.03.06"]
[SourceQuality "1"]

1. d4 Nf6 2. c4 e6 3. Nf3 b6 4. g3 Bb7 5. Bg2 Be7 6. 0-0 0-0 7. Nc3 Ne4 8. Qc2 Nxc3 9. Qxc3 c5 10. Rd1 cxd4 11. Nxd4 Bxg2 12. Kxg2 Qc8 13. Bf4 Bf6 14. Qf3 Nc6 15. Nxc6 dxc6 16. Rd6 Bxb2 17. Rad1 Qe8 18. Qxc6 Qxc6+ 19. Rxc6 Rac8 20. Rxc8 Rxc8 21. Rd7 h5 22. Rxa7 Rxc4 23. Be3 Bd4 24. Bxd4 Rxd4 25. Rb7 Ra4 26. Rxb6 Rxa2 27. Kf3 Kh7 28. h4 Ra5 29. e3 g5 30. hxg5 Rxg5 31. Rb4 Kg6 32. Ra4 Rf5+ 33. Kg2 Rb5 34. f4 e5 35. Kf3 exf4 36. gxf4 Rb1 37. Ra8 f5 38. Rg8+ Kf6 39. Rh8 Kg6 40. Rg8+ Kf6 41. Rh8 Kg6 1/2-1/2

[Event "Sebes GP op"]
[Site "Sebes"]
[Date "2023.11.04"]
[Round "4"]
[White "Siclovan, Cristian Daniel"]
[Black "Dodoi, Matei Teodor"]
[Result "1-0"]
[WhiteElo "2139"]
[BlackElo "1869"]
[PlyCount "74"]
[EventDate "2023.11.04"]
[EventType "swiss"]
[EventRounds "10"]
[EventCountry "ROU"]
[SourceTitle "CB46_2023"]
[SourceDate "2023.11.15"]
[SourceVersion "1"]
[SourceVersionDate "2023.11.15"]
[SourceQuality "1"]

1. e4 c6 2. d4 d5 3. e5 Bf5 4. Ne2 h6 5. Ng3 Bh7 6. Bd3 Bxd3 7. Qxd3 e6 8. 0-0 c5 9. f4 g6 10. c3 Nc6 11. Be3 h5 12. dxc5 h4 13. Ne2 Nh6 14. b4 Nf5 15. Na3 a6 16. Nc2 Bh6 17. Rad1 Qc7 18. a4 Rd8 19. Bf2 0-0 20. Ncd4 Nce7 21. Qh3 Bg7 22. Bxh4 Nxh4 23. Qxh4 a5 24. Rf3 Rfe8 25. Rh3 axb4 26. cxb4 b6 27. Nb5 Qc6 28. Ned4 Qa8 29. Ra3 bxc5 30. bxc5 Qa5 31. Qe1 Qa8 32. Nc7 Qa7 33. Nxe8 Qxc5 34. Rc3 Qa7 35. Nxg7 Kxg7 36. Kh1 Qxa4 37. Rc7 Ng8 1-0

[Event "EU Union-ch U12"]
[Site "Kouty nad Desnou"]
[Date "2023.08.24"]
[Round "9"]
[White "Popzafirov, Danail"]
[Black "Dodoi, Matei Teodor"]
[Result "1-0"]
[WhiteElo "1885"]
[BlackElo "1884"]
[PlyCount "117"]
[EventDate "2023.08.16"]
[EventType "swiss"]
[EventRounds "9"]
[EventCountry "CZE"]
[SourceTitle "EXT 2024"]
[Source "ChessBase"]
[SourceDate "2023.10.10"]
[SourceVersion "1"]
[SourceVersionDate "2023.10.10"]
[SourceQuality "1"]

1. e4 c5 2. Nf3 d6 3. c3 Nf6 4. h3 g6 5. Bd3 Bg7 6. Bc2 e5 7. 0-0 0-0 8. d4 cxd4 9. cxd4 exd4 10. Nxd4 a6 11. Nc3 b5 12. a3 Bb7 13. Bf4 Qe7 14. Re1 Nbd7 15. Nf3 Ne5 16. Nxe5 dxe5 17. Bg5 h6 18. Bxf6 Qxf6 19. Bb3 Qb6 20. Nd5 Bxd5 21. Bxd5 Ra7 22. Rc1 Rd8 23. Qb3 Rd6 24. Rc3 Rf6 25. Re2 Rc7 26. Rxc7 Qxc7 27. Rc2 Qa5 28. Qe3 Bf8 29. b4 Qd8 30. Qa7 Qb6 31. Qxb6 Rxb6 32. Rc7 Rf6 33. Ra7 Kg7 34. Bb7 Rb6 35. Bxa6 Bd6 36. Bc8 Rc6 37. Bd7 Rc1+ 38. Kh2 Ra1 39. Ra5 Bc7 40. Ra6 Bd8 41. Bxb5 Be7 42. Bc4 Rc1 43. Bd5 Rc2 44. Ra7 Kf8 45. b5 Bg5 46. Rxf7+ Ke8 47. Rf3 Bd8 48. Bf7+ Kd7 49. Bxg6 Kc7 50. Be8 Bg5 51. Bc6 Kb6 52. g3 Be7 53. h4 Bc5 54. Kg2 Ra2 55. g4 Bxa3 56. g5 hxg5 57. hxg5 Be7 58. g6 Rd2 59. Bd5 1-0

[Event "EU Union-ch U12"]
[Site "Kouty nad Desnou"]
[Date "2023.08.23"]
[Round "8"]
[White "Dodoi, Matei Teodor"]
[Black "Muller Moingt, Bastien"]
[Result "0-1"]
[WhiteElo "1884"]
[BlackElo "1858"]
[PlyCount "134"]
[EventDate "2023.08.16"]
[EventType "swiss"]
[EventRounds "9"]
[EventCountry "CZE"]
[SourceTitle "EXT 2024"]
[Source "ChessBase"]
[SourceDate "2023.10.10"]
[SourceVersion "1"]
[SourceVersionDate "2023.10.10"]
[SourceQuality "1"]

1. d4 e6 2. c4 Nf6 3. Nf3 Bb4+ 4. Bd2 Qe7 5. g3 Bxd2+ 6. Qxd2 Nc6 7. Nc3 d5 8. cxd5 exd5 9. Bg2 0-0 10. Qc2 Bg4 11. Rd1 Rfe8 12. 0-0 a6 13. a3 Qd7 14. Qb3 Qd6 15. h3 Bd7 16. e3 Na5 17. Qc2 h6 18. Ne5 Bb5 19. Rfe1 c5 20. Nf3 c4 21. Ne5 Bc6 22. Qf5 Qe6 23. Qxe6 Rxe6 24. Nxc6 bxc6 25. e4 Rae8 26. e5 Nd7 27. f4 Nb6 28. f5 R6e7 29. Re2 Nb3 30. Kf2 a5 31. g4 Kf8 32. h4 f6 33. e6 g6 34. Bh3 Kg7 35. Kg3 g5 36. Rh2 Rh8 37. Bg2 Ree8 38. Bf3 Re7 39. Kf2 Rd8 40. hxg5 fxg5 41. f6+ Kxf6 42. Rxh6+ Kg7 43. Rdh1 Rg8 44. Ne2 Na4 45. Ng3 Kf8 46. Nf5 Nxb2 47. Nxe7 Kxe7 48. Rh7+ Kd6 49. Rb7 Re8 50. Rhh7 Nd3+ 51. Kg3 Nxd4 52. e7 c3 53. Rh6+ Ne6 54. Bd1 Rxe7 55. Rb3 d4 56. Bc2 Ndc5 57. Rb1 Kc7 58. Bf5 d3 59. Rh2 Nd4 60. Rh8 Nxf5+ 61. gxf5 c2 62. Rbb8 c1Q 63. Rhc8+ Kd6 64. Rd8+ Ke5 65. f6 Qf4+ 66. Kg2 Rh7 67. Re8+ Ne6 0-1

[Event "EU Union-ch U12"]
[Site "Kouty nad Desnou"]
[Date "2023.08.21"]
[Round "6"]
[White "Dodoi, Matei Teodor"]
[Black "Ochedzan, Filip"]
[Result "1-0"]
[WhiteElo "1884"]
[BlackElo "1711"]
[PlyCount "113"]
[EventDate "2023.08.16"]
[EventType "swiss"]
[EventRounds "9"]
[EventCountry "CZE"]
[SourceTitle "EXT 2024"]
[Source "ChessBase"]
[SourceDate "2023.10.10"]
[SourceVersion "1"]
[SourceVersionDate "2023.10.10"]
[SourceQuality "1"]

1. d4 Nf6 2. c4 e6 3. Nf3 Bb4+ 4. Bd2 Qe7 5. e3 Bxd2+ 6. Qxd2 d6 7. Nc3 0-0 8. Bd3 e5 9. Bc2 h6 10. e4 b6 11. d5 Ne8 12. 0-0-0 a6 13. Kb1 Bd7 14. Qe2 g6 15. h4 Ng7 16. Nd2 Qe8 17. Qe3 Kh7 18. f4 exf4 19. Qxf4 Qe5 20. Qxe5 dxe5 21. Nf3 f6 22. d6 c6 23. Na4 b5 24. Nc5 Ne6 25. Nxd7 Nxd7 26. h5 g5 27. cxb5 axb5 28. b4 Rfd8 29. Bb3 Ng7 30. Rc1 Nb8 31. Bf7 Ra7 32. Bg6+ Kg8 33. Rhd1 Rad7 34. Nh2 Ne8 35. Ng4 Kg7 36. Bxe8 Rxe8 37. Ne3 Re6 38. Nf5+ Kh7 39. Rc3 Ra7 40. Rdd3 Rd7 41. Ra3 Re8 42. g4 Red8 43. Ra8 Rf8 44. Rda3 Rfd8 45. Kc2 Kh8 46. Nxh6 Kg7 47. Nf5+ Kf7 48. h6 Kg6 49. R3a7 Rxa7 50. Rxa7 Rd7 51. Rc7 Kh7 52. Kb3 Kg6 53. a4 Rf7 54. Rxf7 Kxf7 55. h7 Kg6 56. h8Q Nd7 57. Qg7# 1-0

[Event "EU Union-ch U12"]
[Site "Kouty nad Desnou"]
[Date "2023.08.17"]
[Round "2"]
[White "Dodoi, Matei Teodor"]
[Black "Nieminen, Oliver"]
[Result "1-0"]
[WhiteElo "1884"]
[BlackElo "1574"]
[PlyCount "135"]
[EventDate "2023.08.16"]
[EventType "swiss"]
[EventRounds "9"]
[EventCountry "CZE"]
[SourceTitle "EXT 2024"]
[Source "ChessBase"]
[SourceDate "2023.10.10"]
[SourceVersion "1"]
[SourceVersionDate "2023.10.10"]
[SourceQuality "1"]

1. Nf3 g6 2. g3 Bg7 3. d4 d6 4. Bg2 Nf6 5. 0-0 0-0 6. c4 Nbd7 7. Nc3 c5 8. e4 cxd4 9. Nxd4 Qb6 10. Nc2 Ne5 11. Be3 Qd8 12. b3 Nc6 13. h3 Bd7 14. Nd4 Qc8 15. Kh2 Ne5 16. Rc1 a5 17. Nd5 Qd8 18. Ne2 Nxd5 19. exd5 f5 20. f4 Nf7 21. Bd4 b6 22. Bxg7 Kxg7 23. Nd4 Qc8 24. Ne6+ Bxe6 25. dxe6 Qxe6 26. Bxa8 Rxa8 27. Qd4+ Kg8 28. Rfe1 Qd7 29. Qxb6 e5 30. Rcd1 e4 31. Qd4 a4 32. b4 Qb7 33. a3 Rc8 34. Re2 Qa6 35. Rc2 d5 36. c5 Qb5 37. Qe3 Qc6 38. Qe2 Rb8 39. Rcd2 Rd8 40. Rd4 g5 41. Qa2 gxf4 42. gxf4 Qc7 43. Qf2 Qc6 44. R4d2 Kf8 45. Rb2 d4 46. Rxd4 Qf6 47. Rxd8+ Nxd8 48. Rd2 Qe7 49. Qd4 Nf7 50. c6 Qc7 51. Qc5+ Ke8 52. Qxf5 Qxc6 53. Qd5 Qg6 54. Rg2 Qf6 55. Qxe4+ Kf8 56. b5 Nd6 57. Qe5 Qh6 58. Qh8+ Kf7 59. Qg8+ Kf6 60. Qg5+ Qxg5 61. fxg5+ Ke5 62. b6 Kd5 63. Rb2 Kc6 64. h4 Kb7 65. h5 Nf7 66. g6 hxg6 67. hxg6 Nh6 68. g7 1-0

[Event "ROM-ch Amateurs"]
[Site "Sebes"]
[Date "2023.02.22"]
[Round "3"]
[White "Dodoi, Matei Teodor"]
[Black "Samu, Sorin Mihai"]
[Result "0-1"]
[WhiteElo "1770"]
[BlackElo "2047"]
[PlyCount "154"]
[EventDate "2023.02.21"]
[EventType "swiss"]
[EventRounds "9"]
[EventCountry "ROU"]
[SourceTitle "CBM 213 Extra"]
[Source "ChessBase"]
[SourceDate "2023.05.31"]
[SourceVersion "1"]
[SourceVersionDate "2023.05.31"]
[SourceQuality "1"]

1. d4 b6 2. c4 Bb7 3. Nc3 Nf6 4. Nf3 e6 5. g3 Be7 6. Bg2 0-0 7. 0-0 d6 8. Qc2 c5 9. Rd1 Qc8 10. d5 exd5 11. cxd5 Na6 12. e4 Re8 13. a3 Bf8 14. Bg5 Nd7 15. Bf4 Nc7 16. a4 a6 17. Qd3 b5 18. b3 b4 19. Ne2 a5 20. Nd2 Nb6 21. Qc2 Ncxd5 22. exd5 Rxe2 23. Bf3 Re8 24. Nc4 Nxc4 25. bxc4 Qd7 26. Re1 g6 27. h4 Bg7 28. Rab1 Ba6 29. Qb3 Bc3 30. Re3 Rxe3 31. Bxe3 Qf5 32. Be2 Re8 33. Rd1 Qh3 34. Bf1 Qg4 35. Bf4 Qd7 36. Qc2 Kg7 37. Bd3 h6 38. Kg2 Bc8 39. Kg1 Bd4 40. Qd2 Rh8 41. Bf1 f6 42. Be3 Bc3 43. Qc2 Re8 44. Qc1 Rh8 45. Qc2 Qg4 46. Be2 Qf5 47. Bd3 Qh5 48. Be2 Bg4 49. Qe4 f5 50. Qe7+ Kg8 51. Bxg4 Qxg4 52. Rc1 Qe4 53. Qxd6 Kf7 54. Qxc5 g5 55. Qc7+ Kg6 56. h5+ Kxh5 57. Kh2 Be5 58. Qf7+ Kg4 59. Rf1 Qf3 60. Rg1 b3 61. Qe6 Qe4 62. Rf1 Kf3 63. Qg6 b2 64. Qh5+ g4 65. Kg1 Ke2 66. Qh2 Qf3 67. Qg2 Rc8 68. c5 Kd3 69. Qh2 Rb8 70. Qxh6 Bc3 71. Qa6+ Kc2 72. Bd4 Bxd4 73. Qc4+ Bc3 74. Qa2 Rh8 75. Qb1+ Kb3 76. Qd1+ Qxd1 77. Rxd1 Kc2 0-1

[Event "EU-ch Cities&Town U18 op"]
[Site "Tornelo INT"]
[Date "2023.01.29"]
[Round "?"]
[White "Sahin, Sarp"]
[Black "Dodoi, Matei Teodor"]
[Result "0-1"]
[WhiteElo "1841"]
[BlackElo "1745"]
[PlyCount "96"]
[EventDate "2023.01.29"]
[EventType "team-swiss"]
[EventRounds "9"]
[EventCountry "NET"]
[SourceTitle "CBM 212 Extra"]
[Source "ChessBase"]
[SourceDate "2023.03.31"]
[SourceVersion "1"]
[SourceVersionDate "2023.03.31"]
[SourceQuality "1"]
[WhiteTeam "Ankara"]
[BlackTeam "Iasi Region"]
[WhiteTeamCountry "TUR"]
[BlackTeamCountry "ROU"]

1. e4 c5 2. Nf3 d6 3. d4 cxd4 4. Nxd4 Nf6 5. Nc3 a6 6. Be3 e5 7. Nf3 Be7 8. Bc4 Be6 9. Bb3 0-0 10. 0-0 Nc6 11. h3 b5 12. Qe2 Qc7 13. Rad1 Na5 14. Bg5 Nc4 15. Rb1 Rac8 16. Bxf6 Bxf6 17. Nd5 Bxd5 18. exd5 Rfe8 19. Bxc4 Qxc4 20. Qxc4 Rxc4 21. c3 g6 22. Nd2 Rc7 23. Ne4 Be7 24. Rfd1 f5 25. Nd2 Bf6 26. Nb3 e4 27. Nd4 Bxd4 28. Rxd4 Re5 29. Kf1 Rc5 30. Rbd1 Kf7 31. g3 Kf6 32. h4 h6 33. Ke2 Ke7 34. Ke3 Kd7 35. a4 Kc7 36. axb5 axb5 37. Ra1 Rexd5 38. Rxd5 Rxd5 39. Ra7+ Kc6 40. Rg7 Rd3+ 41. Ke2 g5 42. h5 f4 43. g4 f3+ 44. Ke1 Kc5 45. Rxg5+ Kc4 46. Rg6 Kb3 47. Rxh6 Kc2 48. Rxd6 Rxd6 0-1

[Event "ROM-ch U12"]
[Site "Eforie Nord"]
[Date "2022.04.15"]
[Round "6"]
[White "Dodoi, Matei Teodor"]
[Black "Sava, Robert Gabriel"]
[Result "0-1"]
[WhiteElo "1593"]
[BlackElo "1766"]
[PlyCount "119"]
[EventDate "2022.04.11"]
[EventType "swiss"]
[EventRounds "9"]
[EventCountry "ROU"]
[SourceTitle "EXT 2023"]
[Source "ChessBase"]
[SourceDate "2022.10.05"]
[SourceVersion "1"]
[SourceVersionDate "2022.10.05"]
[SourceQuality "1"]

1. d4 Nf6 2. c4 g6 3. Nc3 d5 4. cxd5 Nxd5 5. Bd2 Bg7 6. e4 Nxc3 7. Bxc3 0-0 8. h3 c5 9. Nf3 cxd4 10. Bxd4 Qa5+ 11. Qd2 Qxd2+ 12. Kxd2 Rd8 13. Ke3 Nc6 14. Bxg7 Kxg7 15. Rc1 Be6 16. Bc4 Bxc4 17. Rxc4 Rd7 18. Rhc1 Rad8 19. R4c3 f6 20. a3 a5 21. Rb3 Kf7 22. Rc5 e5 23. a4 Ke6 24. Rcb5 Rb8 25. Rc3 Rbd8 26. Rcb3 Rb8 27. Rb6 Kd6 28. Ng1 Kc7 29. Ne2 f5 30. g3 Rf7 31. exf5 gxf5 32. f4 Re7 33. Kf2 exf4 34. Nxf4 Re4 35. Nd5+ Kc8 36. Nc3 Re7 37. R3b5 Rf7 38. Rd5 Kc7 39. Rbb5 Rbf8 40. Rd2 Re8 41. Nd5+ Kb8 42. Nf4 Re4 43. b3 Ka7 44. Ne2 h5 45. Rdd5 h4 46. gxh4 Rxh4 47. Rd3 f4 48. Rg5 f3 49. Rxf3 Rxf3+ 50. Kxf3 Rxh3+ 51. Ng3 Rh4 52. Ke3 Ka6 53. Ne4 Rh3+ 54. Rg3 Rh1 55. Nc5+ Kb6 56. Nd3 Rb1 57. Kd2 Rxb3 58. Rg6 Ra3 59. Rg4 Rxd3+ 60. Kxd3 0-1

[Event "ROM-ch U12"]
[Site "Eforie Nord"]
[Date "2022.04.12"]
[Round "3"]
[White "Tudor, Henry Edward"]
[Black "Dodoi, Matei Teodor"]
[Result "1-0"]
[WhiteElo "1918"]
[BlackElo "1593"]
[PlyCount "93"]
[EventDate "2022.04.11"]
[EventType "swiss"]
[EventRounds "9"]
[EventCountry "ROU"]
[SourceTitle "EXT 2023"]
[Source "ChessBase"]
[SourceDate "2022.10.05"]
[SourceVersion "1"]
[SourceVersionDate "2022.10.05"]
[SourceQuality "1"]

1. c4 e5 2. Nc3 Nf6 3. e3 d5 4. cxd5 Nxd5 5. Nf3 Nxc3 6. bxc3 Bd6 7. d4 exd4 8. cxd4 0-0 9. Bd3 h6 10. h3 c5 11. 0-0 Nc6 12. Bb2 cxd4 13. exd4 Be6 14. Re1 Qb6 15. Bc3 Bd5 16. Rb1 Qc7 17. Rb5 Ne7 18. Qd2 Bxf3 19. gxf3 Ng6 20. Bxg6 fxg6 21. Qd3 Qf7 22. Re3 Rfe8 23. Kg2 Qf4 24. Kf1 Qh2 25. Qxg6 Rxe3 26. fxe3 Bg3 27. Rb2 Qh1+ 28. Ke2 Qg2+ 29. Kd3 Qxf3 30. Qg4 Qf1+ 31. Qe2 Qf5+ 32. e4 Qxh3 33. Qg2 Qh4 34. Rxb7 Rb8 35. Rxb8+ Bxb8 36. e5 Qf4 37. Qd5+ Qf7 38. Qxf7+ Kxf7 39. d5 Bc7 40. Ke4 Ke7 41. Bb4+ Kd7 42. e6+ Ke8 43. d6 Bb6 44. Kd5 h5 45. Kc6 Kf8 46. d7+ Kg8 47. e7 1-0

[Event "EU-ch Hybrid U10"]
[Site "Tornelo INT"]
[Date "2021.10.15"]
[Round "9"]
[White "Dmitrenko, Ignat"]
[Black "Dodoi, Matei Teodor"]
[Result "1-0"]
[WhiteElo "1278"]
[BlackElo "1565"]
[PlyCount "117"]
[EventDate "2021.10.15"]
[EventType "swiss"]
[EventRounds "9"]
[EventCountry "NET"]
[SourceTitle "EXT 2023"]
[Source "ChessBase"]
[SourceDate "2022.10.05"]
[SourceVersion "1"]
[SourceVersionDate "2022.10.05"]
[SourceQuality "1"]
[WhiteTeam "Russia"]
[BlackTeam "Romania"]
[WhiteTeamCountry "RUS"]
[BlackTeamCountry "ROU"]

1. e4 c5 2. Nf3 e6 3. d4 cxd4 4. Nxd4 a6 5. Nc3 Qc7 6. Bd3 Nf6 7. 0-0 d6 8. Kh1 Be7 9. f4 b5 10. a3 Bb7 11. f5 e5 12. Nf3 Nbd7 13. Bd2 Nc5 14. Qe2 Rc8 15. b4 Nxd3 16. cxd3 Qb8 17. h3 h5 18. Rac1 Nd7 19. Rc2 Nb6 20. Rfc1 Bf6 21. Be3 Nd7 22. Qf2 Qa8 23. Qg3 0-0 24. Bg5 Rfe8 25. Bxf6 Nxf6 26. Kh2 Qb8 27. Qg5 Rcd8 28. g4 hxg4 29. hxg4 d5 30. Re1 dxe4 31. Nxe4 Bxe4 32. dxe4 Qb7 33. Rce2 Rd3 34. Kg2 Rxa3 35. Qh4 Qc6 36. g5 Nd7 37. Rh1 Kf8 38. Qh8+ Ke7 39. Qxg7 Rd3 40. Rh7 Rf8 41. Nxe5 Nxe5 42. Qxe5+ Kd8 43. Qb8+ Qc8 44. Qb6+ Ke8 45. Qa7 Rd7 46. Qb6 Re7 47. Qd6 Rd7 48. Qxf8+ Kxf8 49. Rh8+ Kg7 50. Rxc8 Rd4 51. Rc6 Rxb4 52. Rxa6 Rd4 53. Ra7 Kg8 54. g6 fxg6 55. Rc2 Rd8 56. fxg6 b4 57. Rcc7 b3 58. Rg7+ Kf8 59. Raf7+ 1-0

[Event "EU-ch Hybrid U10"]
[Site "Tornelo INT"]
[Date "2021.10.15"]
[Round "2"]
[White "Dodoi, Matei Teodor"]
[Black "Bara, Jan"]
[Result "0-1"]
[WhiteElo "1565"]
[BlackElo "1413"]
[PlyCount "64"]
[EventDate "2021.10.15"]
[EventType "swiss"]
[EventRounds "9"]
[EventCountry "NET"]
[SourceTitle "EXT 2023"]
[Source "ChessBase"]
[SourceDate "2022.10.05"]
[SourceVersion "1"]
[SourceVersionDate "2022.10.05"]
[SourceQuality "1"]
[WhiteTeam "Romania"]
[BlackTeam "Czech Republic"]
[WhiteTeamCountry "ROU"]
[BlackTeamCountry "CZE"]

1. d4 Nf6 2. c4 g6 3. Nc3 Bg7 4. e4 d6 5. Nf3 0-0 6. Be2 Nbd7 7. 0-0 c5 8. Re1 cxd4 9. Nxd4 Nc5 10. Bf1 a6 11. Nc2 Qb6 12. Rb1 Ng4 13. Nd5 Qd8 14. f3 e6 15. fxg4 exd5 16. exd5 Be5 17. g5 Re8 18. Be3 Bf5 19. Bxc5 dxc5 20. Qd2 Bxc2 21. Qxc2 Qxg5 22. Qd3 Bxh2+ 23. Kxh2 Rxe1 24. Rxe1 Qh4+ 25. Kg1 Qxe1 26. Qb3 Qe7 27. Qb6 Rc8 28. a3 Re8 29. d6 Qe3+ 30. Kh2 Qf4+ 31. Kg1 Re1 32. Qd8+ Kg7 0-1

[Event "ROM-ch U08"]
[Site "Calimanesti Caciulata"]
[Date "2019.04.21"]
[Round "8"]
[White "Dodoi, Matei Teodor"]
[Black "Negrean, Andrei"]
[Result "1/2-1/2"]
[WhiteElo "1209"]
[BlackElo "1166"]
[PlyCount "124"]
[EventDate "2019.04.15"]
[EventType "swiss"]
[EventRounds "9"]
[EventCountry "ROU"]
[SourceTitle "CBM 190 Extra"]
[Source "ChessBase"]
[SourceDate "2019.07.15"]
[SourceVersion "1"]
[SourceVersionDate "2019.07.15"]
[SourceQuality "1"]

1. d4 f5 2. c4 Nf6 3. Nc3 e6 4. Bg5 d5 5. Nf3 c6 6. e3 Bd6 7. Bd3 0-0 8. 0-0 Nbd7 9. Qc2 Qe8 10. Rab1 Qh5 11. Bh4 Ne4 12. Bg3 Nxg3 13. hxg3 Rf6 14. Ne5 Nxe5 15. dxe5 Bxe5 16. f4 Bd6 17. Kf2 Bd7 18. Rh1 Qf7 19. Qb3 Rb8 20. cxd5 exd5 21. Ne2 c5 22. Bc2 Be6 23. Qd3 Qe7 24. Nc3 Re8 25. Nxd5 Bxd5 26. Qxd5+ Kh8 27. Rbe1 Ref8 28. g4 Qf7 29. Qxf7 R8xf7 30. Rd1 Bc7 31. Bxf5 g6 32. Be4 Rb6 33. b3 Kg7 34. Rh2 Ra6 35. Rd2 b6 36. a4 Ra5 37. Bc6 a6 38. Rh1 b5 39. Rhd1 Bb6 40. Rd7 c4 41. bxc4 bxc4 42. Rxf7+ Kxf7 43. Rd7+ Kg8 44. Rb7 Bc5 45. Bd5+ Kh8 46. Bxc4 Rxa4 47. Be2 Ra3 48. Rb8+ Kg7 49. Re8 a5 50. Re4 Ra1 51. Bb5 Rb1 52. Ba4 Rb2+ 53. Kf3 Bb4 54. Rc4 Be1 55. g3 Rf2+ 56. Ke4 Rg2 57. Rc7+ Kh8 58. Rc8+ Kg7 59. Rc7+ Kh8 60. Rc8+ Kg7 61. Rc7+ Kh8 62. Rc8+ Kg7 1/2-1/2

[Event "ROM-ch U08"]
[Site "Calimanesti Caciulata"]
[Date "2019.04.19"]
[Round "6"]
[White "Dodoi, Matei Teodor"]
[Black "Basturea, Ianis Stefan"]
[Result "1/2-1/2"]
[WhiteElo "1209"]
[BlackElo "1057"]
[PlyCount "86"]
[EventDate "2019.04.15"]
[EventType "swiss"]
[EventRounds "9"]
[EventCountry "ROU"]
[SourceTitle "CBM 190 Extra"]
[Source "ChessBase"]
[SourceDate "2019.07.15"]
[SourceVersion "1"]
[SourceVersionDate "2019.07.15"]
[SourceQuality "1"]

1. d4 d5 2. c4 e6 3. Nc3 c6 4. e3 f5 5. Nf3 Bd6 6. Bd3 Nd7 7. 0-0 Ngf6 8. b3 0-0 9. Bb2 Ne4 10. Ne2 Ndf6 11. Ne5 Bd7 12. f3 Ng5 13. Qc1 Nf7 14. f4 Ne4 15. Ba3 Bxa3 16. Qxa3 Nd2 17. Rfd1 Ne4 18. Qb2 Qe7 19. Rab1 Rad8 20. b4 Qh4 21. Bxe4 fxe4 22. Ng3 Nd6 23. c5 Nf5 24. Nxf5 exf5 25. Qf2 Qxf2+ 26. Kxf2 a6 27. a4 Be8 28. Rd2 Ra8 29. Rg1 b5 30. axb5 axb5 31. g4 fxg4 32. Rxg4 Rc8 33. h4 Bh5 34. Rg5 Bf7 35. Rd1 g6 36. h5 Kg7 37. Rdg1 Ra8 38. hxg6 Ra2+ 39. Kg3 hxg6 40. Kh3 Raa8 41. Kg3 Ra2 42. Kh3 Rh8+ 43. Kg3 Rf8 1/2-1/2

[Event "ROM-ch U08"]
[Site "Calimanesti Caciulata"]
[Date "2019.04.18"]
[Round "5"]
[White "Gazdaru, Rares"]
[Black "Dodoi, Matei Teodor"]
[Result "1-0"]
[WhiteElo "1259"]
[BlackElo "1209"]
[PlyCount "77"]
[EventDate "2019.04.15"]
[EventType "swiss"]
[EventRounds "9"]
[EventCountry "ROU"]
[SourceTitle "CBM 190 Extra"]
[Source "ChessBase"]
[SourceDate "2019.07.15"]
[SourceVersion "1"]
[SourceVersionDate "2019.07.15"]
[SourceQuality "1"]

1. d4 d5 2. Bf4 c5 3. e3 Nf6 4. Nf3 Nc6 5. c3 Bg4 6. Nbd2 e6 7. Bd3 Bd6 8. Bxd6 Qxd6 9. h3 Bxf3 10. Nxf3 cxd4 11. exd4 0-0 12. 0-0 Rab8 13. Re1 b5 14. a3 a5 15. Ne5 b4 16. axb4 axb4 17. Ra6 Rfc8 18. Qa4 Nxe5 19. Bxh7+ Kxh7 20. Rxd6 Nd3 21. Qc2 bxc3 22. Qxd3+ Kg8 23. bxc3 Rb3 24. Qa6 Rbxc3 25. Qa5 Kh7 26. Rd8 R8c4 27. Re3 Rc1+ 28. Kh2 Ne4 29. Rxe4 g6 30. Rh4+ Kg7 31. Qd2 e5 32. Qh6+ Kf6 33. dxe5+ Kxe5 34. Qg5+ Ke6 35. Re8+ Kd7 36. Qe7+ Kc6 37. Rc8+ Kb5 38. Qb7+ Ka5 39. Ra8# 1-0

[Event "ROM-ch U08"]
[Site "Calimanesti Caciulata"]
[Date "2019.04.17"]
[Round "4"]
[White "Dimitriu, Filip"]
[Black "Dodoi, Matei Teodor"]
[Result "0-1"]
[WhiteElo "1126"]
[BlackElo "1209"]
[PlyCount "68"]
[EventDate "2019.04.15"]
[EventType "swiss"]
[EventRounds "9"]
[EventCountry "ROU"]
[SourceTitle "CBM 190 Extra"]
[Source "ChessBase"]
[SourceDate "2019.07.15"]
[SourceVersion "1"]
[SourceVersionDate "2019.07.15"]
[SourceQuality "1"]

1. e4 c5 2. Nf3 e6 3. d4 cxd4 4. Nxd4 a6 5. Nc3 Qc7 6. Be2 b5 7. Be3 Bb7 8. Qd3 Nf6 9. f3 Be7 10. 0-0 d6 11. Rac1 0-0 12. Kh1 Nbd7 13. g4 b4 14. Na4 Nc5 15. Nxc5 dxc5 16. Nb3 Qe5 17. c3 Nxe4 18. Kg1 Bd6 19. f4 Qd5 20. Qxd5 Bxd5 21. Bf3 c4 22. Na1 bxc3 23. bxc3 Ba3 24. Rc2 Nf6 25. Rcf2 Bxf3 26. Rxf3 Nxg4 27. Rg3 Nxe3 28. Rxe3 Rfd8 29. Nc2 Bc5 30. Nd4 Bxd4 31. cxd4 Rxd4 32. Rc3 Rc8 33. Rfc1 Rxf4 34. Kg2 Kf8 0-1

[Event "ROM-ch U08"]
[Site "Calimanesti Caciulata"]
[Date "2019.04.15"]
[Round "1"]
[White "Dodoi, Matei Teodor"]
[Black "Balan, Bogdan"]
[Result "1-0"]
[WhiteElo "1209"]
[BlackElo "1001"]
[PlyCount "111"]
[EventDate "2019.04.15"]
[EventType "swiss"]
[EventRounds "9"]
[EventCountry "ROU"]
[SourceTitle "CBM 190 Extra"]
[Source "ChessBase"]
[SourceDate "2019.07.15"]
[SourceVersion "1"]
[SourceVersionDate "2019.07.15"]
[SourceQuality "1"]

1. d4 d5 2. c4 c5 3. dxc5 Nf6 4. cxd5 Nxd5 5. Nf3 e6 6. Bg5 Be7 7. Bxe7 Qxe7 8. e4 Nb4 9. Nc3 0-0 10. Qb3 Qxc5 11. Be2 N8c6 12. 0-0 e5 13. Rac1 Be6 14. Qa3 Qa5 15. Qxa5 Nxa5 16. a3 Na2 17. Nxa2 Bxa2 18. Rc5 b6 19. Rxe5 Rfe8 20. Rd1 Bc4 21. Bxc4 Nxc4 22. Rb5 a6 23. Rb4 Rxe4 24. Rc1 b5 25. a4 h6 26. axb5 axb5 27. Rxb5 Nd6 28. Rd5 Rc4 29. Rcd1 Ne4 30. b3 Rc2 31. Nd2 Nxd2 32. R5xd2 Rxd2 33. Rxd2 Rb8 34. Rb2 Rc8 35. Kf1 Rc1+ 36. Ke2 Rc8 37. Kf3 g5 38. Kg4 Rb8 39. b4 Rb5 40. h4 gxh4 41. Kxh4 Rg5 42. b5 Rc5 43. b6 Rc8 44. Kg4 Rc4+ 45. f4 Rc8 46. b7 Rb8 47. Kf5 Kg7 48. Rb6 Kf8 49. Kf6 Ke8 50. Kg7 Kd7 51. Kxh6 Kc7 52. Rb1 Rxb7 53. Rxb7+ Kxb7 54. Kg7 Kc7 55. Kf6 Kd7 56. g4 1-0